Determining the expected premium bonus – malus systems in motor insurance in MS Excel

Na minha lista:
Detalhes bibliográficos
Autor principal: Pinda, Martin
Formato: Capítulo de Livro
Idioma:eslovaco
Assuntos:
Tags: Adicionar Tag
Sem tags, seja o primeiro a adicionar uma tag!

MARC

LEADER 00000nla a2200000 4500
001 0208603
005 20240502073451.6
041 0 |a slo 
044 |a SK 
245 1 0 |a Determining the expected premium bonus – malus systems in motor insurance in MS Excel  |c Martin Pinda 
500 |a Abstrakt 
610 2 0 |a poistenie vozidiel motorových 
610 2 0 |a poisťovne 
610 2 0 |a matematika poistná 
610 2 0 |a metódy aktuárske 
610 2 0 |a poistné 
100 1 |a Pinda, Martin